Chansons de Niska - Album Commando - Statistiques

Statistiques générales
  • Ce quiz a été pris 67 fois
  • Le résultat moyen est 9 sur 16
Statistiques - réponses
Ordre dans l'album Chansons % Correct
02 Réseaux
84%
16 Amour X
73%
13 Chasse à l'homme
68%
01 Story X
68%
07 Tuba Life
68%
09 Snapchat
65%
06 Salé
59%
14 H&M
57%
03 La wewer
51%
05 Medellín
49%
08 B.O.C
46%
12 Favelas
46%
10 Versus
46%
04 Ah bon ?
43%
11 Twerk dans l'binks
43%
15 D.M.B
35%
Aucun quiz correspondant
Distribution des résultats
% des personnes avec chaque résultat
Percentile par nombre de réponses
Votre historique - résultats
Vous n’avez pas pris ce quiz